Hungry, hungry sharks / (Record no. 34780)
[ view plain ]
| 000 -LEADER | |
|---|---|
| fixed length control field | 01119cam a2200349 a 4500 |
| 001 - CONTROL NUMBER | |
| control field | 496641 |
| 003 - CONTROL NUMBER IDENTIFIER | |
| control field | OSt |
| 005 - DATE AND TIME OF LATEST TRANSACTION | |
| control field | 20140310184503.0 |
| 008 - FIXED-LENGTH DATA ELEMENTS--GENERAL INFORMATION | |
| fixed length control field | 860527s1986 nyua j 000 0 eng |
| 010 ## - LIBRARY OF CONGRESS CONTROL NUMBER | |
| LC control number | 85002218 |
| 020 ## - INTERNATIONAL STANDARD BOOK NUMBER | |
| International Standard Book Number | 0394874714 |
| 040 ## - CATALOGING SOURCE | |
| Original cataloging agency | DLC |
| Transcribing agency | DLC |
| Modifying agency | DLC |
| 042 ## - AUTHENTICATION CODE | |
| Authentication code | lcac |
| 050 10 - LIBRARY OF CONGRESS CALL NUMBER | |
| Classification number | QL 638.9 |
| Item number | .C59 1986 |
| 100 1# - MAIN ENTRY--PERSONAL NAME | |
| Personal name | Cole, Joanna. |
| 9 (RLIN) | 4006 |
| 245 10 - TITLE STATEMENT | |
| Title | Hungry, hungry sharks / |
| Statement of responsibility, etc | by Joanna Cole ; illustrated by Patricia Wynne. |
| 260 ## - PUBLICATION, DISTRIBUTION, ETC. (IMPRINT) | |
| Place of publication, distribution, etc | New York : |
| Name of publisher, distributor, etc | Random House, |
| Date of publication, distribution, etc | 1986 |
| 300 ## - PHYSICAL DESCRIPTION | |
| Extent | 46 p. : |
| Other physical details | col. ill. ; |
| Dimensions | 23 cm. |
| 490 1# - SERIES STATEMENT | |
| Series statement | Step into reading. A Step 2 book |
| 520 ## - SUMMARY, ETC. | |
| Summary, etc | A simple discussion of the kinds of sharks and their behaviour. |
| 521 ## - TARGET AUDIENCE NOTE | |
| Target audience note | |
| 526 ## - STUDY PROGRAM INFORMATION NOTE | |
| Reading level | 410 |
| 562 ## - COPY AND VERSION IDENTIFICATION NOTE | |
| Number of copies | 1 |
| 650 #0 - SUBJECT ADDED ENTRY--TOPICAL TERM | |
| Topical term or geographic name as entry element | Sharks |
| General subdivision | Juvenile literature. |
| 9 (RLIN) | 28797 |
| 650 #1 - SUBJECT ADDED ENTRY--TOPICAL TERM | |
| Topical term or geographic name as entry element | Sharks. |
| 9 (RLIN) | 28228 |
| 700 1# - ADDED ENTRY--PERSONAL NAME | |
| Personal name | Wynne, Patricia, |
| Relator term | ill. |
| 9 (RLIN) | 28798 |
| 830 #0 - SERIES ADDED ENTRY--UNIFORM TITLE | |
| Uniform title | Step into reading. |
| Name of part/section of a work | Step 2 book. |
| 9 (RLIN) | 28799 |
| 856 42 - ELECTRONIC LOCATION AND ACCESS | |
| Materials specified | Publisher description |
| Uniform Resource Identifier | <a href="http://www.loc.gov/catdir/description/random0411/85002218.html">http://www.loc.gov/catdir/description/random0411/85002218.html</a> |
| 906 ## - LOCAL DATA ELEMENT F, LDF (RLIN) | |
| a | 7 |
| b | cbu |
| c | orignew |
| d | 1 |
| e | ocip |
| f | 19 |
| g | y-gencatlg |
| 942 ## - ADDED ENTRY ELEMENTS (KOHA) | |
| Source of classification or shelving scheme | Library of Congress Classification |
| Koha item type | |
| Withdrawn status | Lost status | Source of classification or shelving scheme | Damaged status | Home library | Current library | Shelving location | Date acquired | Total Checkouts | Full call number | Barcode | Date last seen | Copy number | Price effective from | Koha item type |
|---|---|---|---|---|---|---|---|---|---|---|---|---|---|---|
| Library of Congress Classification | Luxembourg Library | Luxembourg Library | Scholastic Reading Center Section | 10/12/2013 | QL 638.9 .C59 1986 | LEX2997 | 08/14/2018 | 1 | 10/12/2013 | Books |